Spell the Marvel Hero #122 - Statistics

General Stats
  • This quiz has been taken 16 times
  • The average score is 5 of 6
Answer Stats
Picture Answer % Correct
Elektra
100%
Quicksilver
100%
Quake
78%
Ulysses Bloodstone
78%
Karnak
67%
Anole
56%
No matching quizzes found
Score Distribution
Percent of People with Each Score
Percentile by Number Answered
Your Score History
You have not taken this quiz